Fundamentos de teledetección espacial /
Guardado en:
| Autor Principal: | |
|---|---|
| Formato: | Libro |
| Idioma: | Spanish |
| Publicado: |
Madrid :
Rialp,
2000.
|
| Edición: | 3a. ed. rev., reimpr. corr. |
| Series: | Manuales universitarios Rialp
|
| Materias: | |
| Etiquetas: |
Agregar Etiqueta
Sin Etiquetas, Sea el primero en etiquetar este registro!
|
| LEADER | 00842nam a22002415a 4500 | ||
|---|---|---|---|
| 001 | EUN.eunm001908 | ||
| 005 | 20140611122932.0 | ||
| 008 | 041125s2000####sp#a#####b####001#0#spa#d | ||
| 020 | |a 843213127X | ||
| 082 | 0 | 4 | |a 526.8 |2 15 |
| 082 | 0 | 0 | |a 621.36/78 |2 20 |
| 100 | 1 | |a Chuvieco, Emilio. | |
| 245 | 1 | 0 | |a Fundamentos de teledetección espacial / |c Emilio Chuvieco. |
| 250 | |a 3a. ed. rev., reimpr. corr. | ||
| 260 | |a Madrid : |b Rialp, |c 2000. | ||
| 300 | |a 568 p. : |b il. ; |c 24 cm. | ||
| 440 | 0 | |a Manuales universitarios Rialp | |
| 504 | |a Incluye referencias bibliográficas e índice. | ||
| 650 | 7 | |a Sensores remotos. |2 unbist | |
| 650 | 7 | |a Teledetección. |2 unbist | |
| 650 | 7 | |a Fotografía aérea. |2 unbist | |
| 859 | |a AR-BaUNS |b BIB. CENTRAL - Sector A |h 526.8 |i C477 |p 112418/001 | ||
| 859 | |a AR-BaUNS |b BIB. CENTRAL - Sector A |h 526.8 |i C477 |p 114010/003 |t Ej.2 | ||
